| 000 | 00692nam a22002537a 4500 | ||
|---|---|---|---|
| 003 | UA-OsUOA | ||
| 001 | 122007 | ||
| 007 | ta | ||
| 008 | 20170410b un ||||| |||| 00| 0 ukr d | ||
| 100 | _aТалалай Л. | ||
| 090 |
_a821.161.2 _bТ16 |
||
| 942 | _cBK | ||
| 040 |
_aUA-OsUOA _bukr _cUA-OsUOA _dUA-OsUOA |
||
| 245 |
_aПотік води живої _bлірика |
||
| 300 | _a125 с. | ||
| 955 | _a3 | ||
| 041 | _aukr | ||
| 080 | _a821.161.2 | ||
| 020 | _a966-579-038-2 | ||
| 591 | _aДімаров А. | ||
| 260 |
_aК. _bУкраїнський письменник _c1999 |
||
| 650 | 7 |
_a82 Література. Літературознавство _2UDC |
|
| 999 |
_c407973 _d407973 |
||